Boomer Shooter Protagonists - Statistics

General Stats
  • This quiz has been taken 6 times
    4 since last reset
  • The average score is 8 of 21
Answer Stats
Hint Answer % Correct
This dude fights demons that killed his pet rabbit, Daisy. Doomguy
100%
An undead gunslinger that kills a god. Caleb
67%
This classic game series has his name. Duke Nukem
67%
They're waiting for you. In the test chamber. Gordon Freeman
67%
The Dinosaur Hunter Turok
67%
This guy really really hates Nazis. William Joseph "B.J." Blazkowicz
67%
Space Martini. Shaken. Not stirred. Blake Stone
33%
Fighting the Flemoids on Planet Bazoik! Chex Warrior
33%
One mean elf. Corvus (The Heretic)
33%
This dude is very SiN-ful. (Yes, his name actually does start with "John") John Blade
33%
Don't mess with him, or his pilot Jan Ors. Kyle Katarn
33%
YEEEEEEEEEEEEHAW! Leonard
33%
He is sitting here getting stiff. Lo Wang
33%
Frog blast the vent core! Recon Number 54
33%
This maiden is a total bombshell. Shelly "Bombshell" Harrison
33%
She definitely has sweet dreams in her hospital bed. The Patient
33%
An ACE that strikes F.E.A.R. into the hearts of men on a space station. Dawn
0%
Kill the intruder... DUSK Dude
0%
This is another game series that shares the name of its protagonist Sam "Serious" Stone
0%
All it takes is one bad day... then you just piss on everything. The Postal Dude
0%
Big Orc Mommy... Zan the Bonebreaker
0%
No matching quizzes found
Score Distribution
Percent of People with Each Score
Percentile by Number Answered
Your Score History
You have not taken this quiz since the last reset